Countries that have participated in the Congress of Berlin - Statistics

General Stats
  • This quiz has been taken 425 times
  • The average score is 9 of 11
Answer Stats
Your Answer % Correct
France
99%
Great Britain
99%
Russia
97%
Germany
95%
Italy
95%
Austria-Hungary
94%
Ottoman Empire
77%
Greece
74%
Romania
68%
Serbia
64%
Montenegro
41%
No matching quizzes found
Score Distribution
Percent of People with Each Score
Percentile by Number Answered
Your Score History
You have not taken this quiz